Statistiken für Streamer*innen an Screenshots erkennen #1

Klicken Sie hier um das Quiz zu spielen!

Allgemein

  • Dieses Quiz wurde 335 mal gespielt
  • Das Durchschnittsergebnis liegt bei 9 aus 17

Antwortstatistiken

Antwort% Korrekt
Papaplatte
91%
Vlesk
78%
Nova
69%
Mahluna
64%
Gnu
61%
Unge
61%
Baso
58%
Rvnxmango
55%
Behaartmitbart
52%
Timit
50%
Mienah
44%
Kalle
43%
Jennyan
42%
Sterzik
41%
Lumenti
40%
Broeki
33%
Kutcherlol
24%

Verteilung der Resultate

Perzentil nach korrekt beantworteten Fragen

Anzahl Personen mit jedem Resultat

Ihre Resultats-Entwicklung

Sie haben dieses Quiz noch nicht gespielt